[Event "2023 Welsh Championship"]
[Site "Cardiff"]
[Date "2023.04.08"]
[Round "3"]
[Board "9"]
[White "Morris, Charles F"]
[Black "Van Kemenade, Rudy"]
[Result "1-0"]
[WhiteElo "2081"]
[BlackElo "1936"]
[PlyCount "0"]
[EventDate "2023.04.07"]
[EventRounds "7"]
[EventCountry "WLS"]

1. c4 {[%clk 01:30:57]} {[%emt 00:00:02]} d6 {[%clk 01:30:54]} {[%emt
00:00:06]} 2. g3 {[%clk 01:31:12]} {[%emt 00:00:16]} h5 {[%clk 01:31:09]}
{[%emt 00:00:14]} 3. h4 {[%clk 01:31:04]} {[%emt 00:00:38]} e5 {[%clk
01:31:19]} {[%emt 00:00:20]} 4. Bg2 {[%clk 01:31:22]} {[%emt 00:00:12]} Nc6
{[%clk 01:31:38]} {[%emt 00:00:11]} 5. Nc3 {[%clk 01:30:33]} {[%emt 00:01:19]}
g6 {[%clk 01:31:10]} {[%emt 00:00:58]} 6. d3 {[%clk 01:29:35]} {[%emt
00:01:28]} Bg7 {[%clk 01:31:19]} {[%emt 00:00:20]} 7. Bg5 {[%clk 01:20:06]}
{[%emt 00:10:00]} f6 {[%clk 01:31:37]} {[%emt 00:00:12]} 8. Bd2 {[%clk
01:20:15]} {[%emt 00:00:21]} Nh6 {[%clk 01:31:59]} {[%emt 00:00:08]} 9. e4
{[%clk 01:16:34]} {[%emt 00:04:11]} Bg4 {[%clk 01:30:51]} {[%emt 00:01:37]} 10.
f3 {[%clk 01:16:57]} {[%emt 00:00:08]} Bd7 {[%clk 01:31:15]} {[%emt 00:00:06]}
11. Nge2 {[%clk 01:16:57]} {[%emt 00:00:31]} Nb4 {[%clk 01:29:24]} {[%emt
00:02:20]} 12. Be3 {[%clk 01:16:35]} {[%emt 00:00:52]} c5 {[%clk 01:29:38]}
{[%emt 00:00:16]} 13. a3 {[%clk 01:16:20]} {[%emt 00:00:45]} Nc6 {[%clk
01:30:03]} {[%emt 00:00:05]} 14. Nd5 {[%clk 01:16:41]} {[%emt 00:00:09]} Nd4
{[%clk 01:30:22]} {[%emt 00:00:11]} 15. Nxd4 {[%clk 01:15:24]} {[%emt
00:01:47]} cxd4 {[%clk 01:30:19]} {[%emt 00:00:31]} 16. Bd2 {[%clk 01:15:50]}
{[%emt 00:00:06]} O-O {[%clk 01:29:59]} {[%emt 00:00:49]} 17. b4 {[%clk
01:15:35]} {[%emt 00:00:46]} Be6 {[%clk 01:27:45]} {[%emt 00:02:42]} 18. Bh3
{[%clk 01:14:07]} {[%emt 00:02:00]} Bxd5 {[%clk 01:28:06]} {[%emt 00:00:10]} 19.
cxd5 {[%clk 01:14:32]} {[%emt 00:00:05]} f5 {[%clk 01:28:29]} {[%emt 00:00:07]}
20. O-O {[%clk 01:10:31]} {[%emt 00:04:31]} Kh7 {[%clk 01:26:58]} {[%emt
00:02:00]} 21. Bg5 {[%clk 01:06:22]} {[%emt 00:04:40]} Bf6 {[%clk 01:26:38]}
{[%emt 00:00:47]} 22. Qd2 {[%clk 01:00:46]} {[%emt 00:06:08]} Bxg5 {[%clk
01:23:38]} {[%emt 00:03:30]} 23. hxg5 {[%clk 01:00:36]} {[%emt 00:00:40]} Ng8
{[%clk 01:22:39]} {[%emt 00:01:28]} 24. f4 {[%clk 00:58:59]} {[%emt 00:02:08]}
Ne7 {[%clk 01:21:35]} {[%emt 00:01:34]} 25. Qe2 {[%clk 00:56:15]} {[%emt
00:03:14]} Rc8 {[%clk 01:20:28]} {[%emt 00:01:37]} 26. fxe5 {[%clk 00:55:48]}
{[%emt 00:00:58]} dxe5 {[%clk 01:20:43]} {[%emt 00:00:14]} 27. exf5 {[%clk
00:56:07]} {[%emt 00:00:11]} Nxd5 {[%clk 01:19:52]} {[%emt 00:01:21]} 28. fxg6+
{[%clk 00:55:59]} {[%emt 00:00:38]} Kxg6 {[%clk 01:20:12]} {[%emt 00:00:10]} 29.
Rxf8 {[%clk 00:55:34]} {[%emt 00:00:55]} Qxf8 {[%clk 01:20:32]} {[%emt
00:00:09]} 30. Qe4+ {[%clk 00:55:49]} {[%emt 00:00:15]}  1-0

[Event "2023 Welsh Championship"]
[Site "Cardiff"]
[Date "2023.04.08"]
[Round "4"]
[Board "1"]
[White "Toczek, Grzegorz"]
[Black "Kozusek, Daniel"]
[Result "0-1"]
[WhiteElo "2260"]
[BlackElo "2331"]
[PlyCount "0"]
[EventDate "2023.04.07"]
[EventRounds "7"]
[EventCountry "WLS"]

1. d4 {[%clk 01:27:21]} {[%emt 00:03:38]} d5 {[%clk 01:30:23]} {[%emt
00:00:38]} 2. Nf3 {[%clk 01:25:49]} {[%emt 00:02:01]} Nf6 {[%clk 01:29:58]}
{[%emt 00:00:55]} 3. g3 {[%clk 01:26:03]} {[%emt 00:00:17]} e6 {[%clk
01:27:05]} {[%emt 00:03:23]} 4. Bg2 {[%clk 01:25:53]} {[%emt 00:00:40]} Be7
{[%clk 01:27:27]} {[%emt 00:00:07]} 5. O-O {[%clk 01:25:16]} {[%emt 00:01:07]}
O-O {[%clk 01:27:54]} {[%emt 00:00:04]} 6. c4 {[%clk 01:24:10]} {[%emt
00:01:36]} dxc4 {[%clk 01:25:46]} {[%emt 00:02:38]} 7. Qc2 {[%clk 01:22:51]}
{[%emt 00:01:49]} b6 {[%clk 01:24:52]} {[%emt 00:01:25]} 8. Nbd2 {[%clk
01:09:30]} {[%emt 00:13:50]} Bb7 {[%clk 01:22:35]} {[%emt 00:02:47]} 9. Nxc4
{[%clk 01:07:37]} {[%emt 00:02:23]} c5 {[%clk 01:21:41]} {[%emt 00:01:23]} 10.
Rd1 {[%clk 00:58:03]} {[%emt 00:10:04]} Nbd7 {[%clk 01:21:30]} {[%emt
00:00:40]} 11. dxc5 {[%clk 00:47:39]} {[%emt 00:10:56]} Bxc5 {[%clk 01:20:10]}
{[%emt 00:01:50]} 12. Be3 {[%clk 00:44:22]} {[%emt 00:03:45]} Rc8 {[%clk
01:19:36]} {[%emt 00:01:05]} 13. Qd2 {[%clk 00:40:09]} {[%emt 00:04:43]} Bxe3
{[%clk 01:12:25]} {[%emt 00:07:42]} 14. Nxe3 {[%clk 00:40:33]} {[%emt
00:00:06]} Bxf3 {[%clk 01:10:21]} {[%emt 00:02:34]} 15. Bxf3 {[%clk 00:40:48]}
{[%emt 00:00:14]} Ne5 {[%clk 01:10:45]} {[%emt 00:00:06]} 16. Bg2 {[%clk
00:39:38]} {[%emt 00:01:39]} Qxd2 {[%clk 01:10:44]} {[%emt 00:00:32]} 17. Rxd2
{[%clk 00:40:03]} {[%emt 00:00:05]} Nc4 {[%clk 01:11:08]} {[%emt 00:00:06]} 18.
Nxc4 {[%clk 00:39:42]} {[%emt 00:00:51]} Rxc4 {[%clk 01:11:32]} {[%emt
00:00:06]} 19. Rad1 {[%clk 00:36:30]} {[%emt 00:03:41]} g6 {[%clk 01:11:32]}
{[%emt 00:00:30]} 20. Bf3 {[%clk 00:32:36]} {[%emt 00:04:24]} Rfc8 {[%clk
01:11:35]} {[%emt 00:00:27]} 21. Rd8+ {[%clk 00:31:48]} {[%emt 00:01:18]} Kg7
{[%clk 01:11:02]} {[%emt 00:01:01]} 22. Rxc8 {[%clk 00:32:14]} {[%emt
00:00:05]} Rxc8 {[%clk 01:11:28]} {[%emt 00:00:04]} 23. Rd2 {[%clk 00:32:38]}
{[%emt 00:00:06]} Rc1+ {[%clk 01:08:05]} {[%emt 00:03:53]} 24. Kg2 {[%clk
00:33:04]} {[%emt 00:00:04]} g5 {[%clk 01:07:46]} {[%emt 00:00:49]} 25. h3
{[%clk 00:30:23]} {[%emt 00:03:11]} h5 {[%clk 01:08:09]} {[%emt 00:00:07]} 26.
g4 {[%clk 00:25:13]} {[%emt 00:05:41]} hxg4 {[%clk 01:08:30]} {[%emt 00:00:09]}
27. hxg4 {[%clk 00:25:41]} {[%emt 00:00:01]} Rc4 {[%clk 01:08:09]} {[%emt
00:00:51]} 28. Kg3 {[%clk 00:26:01]} {[%emt 00:00:11]} Rxg4+ {[%clk 01:08:20]}
{[%emt 00:00:19]} 29. Kh2 {[%clk 00:20:24]} {[%emt 00:06:08]} Rc4 {[%clk
01:07:26]} {[%emt 00:01:23]} 30. e3 {[%clk 00:20:30]} {[%emt 00:00:24]} Rc8
{[%clk 01:06:19]} {[%emt 00:01:37]} 31. Kg3 {[%clk 00:20:30]} {[%emt 00:00:31]}
Kf8 {[%clk 01:06:22]} {[%emt 00:00:26]} 32. b4 {[%clk 00:15:20]} {[%emt
00:05:41]} Ke7 {[%clk 01:05:47]} {[%emt 00:01:05]} 33. a4 {[%clk 00:15:37]}
{[%emt 00:00:14]} Rc4 {[%clk 01:05:22]} {[%emt 00:00:54]} 34. Rb2 {[%clk
00:16:04]} {[%emt 00:00:05]} Nd5 {[%clk 01:03:19]} {[%emt 00:02:32]} 35. Rb3
{[%clk 00:14:21]} {[%emt 00:02:12]} Nc3 {[%clk 00:54:06]} {[%emt 00:09:44]} 36.
a5 {[%clk 00:14:34]} {[%emt 00:00:17]} b5 {[%clk 00:52:11]} {[%emt 00:02:25]}
37. Kg2 {[%clk 00:04:21]} {[%emt 00:10:43]} Kd6 {[%clk 00:49:05]} {[%emt
00:03:34]} 38. Bh5 {[%clk 00:04:43]} {[%emt 00:00:10]} f6 {[%clk 00:48:54]}
{[%emt 00:00:41]} 39. Rb2 {[%clk 00:01:41]} {[%emt 00:03:34]} a6 {[%clk
00:47:51]} {[%emt 00:01:32]} 40. Bf3 {[%clk 00:01:23]} {[%emt 00:00:47]} Nd5
{[%clk 00:47:07]} {[%emt 00:01:14]} 41. Rd2 {[%clk 00:01:41]} {[%emt 00:00:13]}
f5 {[%clk 00:47:20]} {[%emt 00:00:16]} 42. Bxd5 {[%clk 00:01:00]} {[%emt
00:01:12]} exd5 {[%clk 00:47:44]} {[%emt 00:00:05]} 43. Rb2 {[%clk 00:01:28]}
{[%emt 00:00:03]} d4 {[%clk 00:44:51]} {[%emt 00:03:23]} 44. Kf3 {[%clk
00:01:25]} {[%emt 00:00:33]} d3 {[%clk 00:44:16]} {[%emt 00:01:05]} 45. Rb3
{[%clk 00:00:43]} {[%emt 00:01:13]} Ke6 {[%clk 00:43:02]} {[%emt 00:01:43]} 46.
Rb2 {[%clk 00:27:50]} {[%emt 00:03:23]} Kd5 {[%clk 01:12:35]} {[%emt 00:00:56]}
47. Rb3 {[%clk 00:27:58]} {[%emt 00:00:24]} g4+ {[%clk 01:12:58]} {[%emt
00:00:06]} 48. Kg3 {[%clk 00:28:15]} {[%emt 00:00:13]} Ke4 {[%clk 01:13:24]}
{[%emt 00:00:04]}  0-1

[Event "2023 Welsh Championship"]
[Site "Cardiff"]
[Date "2023.04.08"]
[Round "4"]
[Board "3"]
[White "Blackburn, Jonathan L B"]
[Black "Jukes, Sam"]
[Result "1-0"]
[WhiteElo "2162"]
[BlackElo "1900"]
[PlyCount "0"]
[EventDate "2023.04.07"]
[EventRounds "7"]
[EventCountry "WLS"]

1. d4 {[%clk 01:30:58]} {[%emt 00:00:01]} Nf6 {[%clk 01:30:54]} {[%emt
00:00:06]} 2. c4 {[%clk 01:31:24]} {[%emt 00:00:04]} b6 {[%clk 01:31:21]}
{[%emt 00:00:03]} 3. Nc3 {[%clk 01:31:37]} {[%emt 00:00:17]} Bb7 {[%clk
01:31:46]} {[%emt 00:00:05]} 4. Qc2 {[%clk 01:31:54]} {[%emt 00:00:13]} d5
{[%clk 01:31:12]} {[%emt 00:01:04]} 5. cxd5 {[%clk 01:32:20]} {[%emt 00:00:04]}
Nxd5 {[%clk 01:31:36]} {[%emt 00:00:05]} 6. e4 {[%clk 01:32:46]} {[%emt
00:00:03]} Nxc3 {[%clk 01:31:26]} {[%emt 00:00:41]} 7. bxc3 {[%clk 01:33:13]}
{[%emt 00:00:03]} e6 {[%clk 01:30:18]} {[%emt 00:01:38]} 8. Nf3 {[%clk
01:32:42]} {[%emt 00:01:01]} Be7 {[%clk 01:29:44]} {[%emt 00:01:04]} 9. Bb5+
{[%clk 01:32:30]} {[%emt 00:00:43]} c6 {[%clk 01:28:05]} {[%emt 00:02:09]} 10.
Bd3 {[%clk 01:32:46]} {[%emt 00:00:14]} c5 {[%clk 01:26:40]} {[%emt 00:01:55]}
11. O-O {[%clk 01:23:57]} {[%emt 00:09:18]} O-O {[%clk 01:21:52]} {[%emt
00:05:18]} 12. d5 {[%clk 01:21:26]} {[%emt 00:03:02]} exd5 {[%clk 01:20:09]}
{[%emt 00:02:12]} 13. exd5 {[%clk 01:21:50]} {[%emt 00:00:06]} Bf6 {[%clk
01:15:21]} {[%emt 00:05:18]} 14. Bxh7+ {[%clk 01:19:54]} {[%emt 00:02:26]} Kh8
{[%clk 01:15:30]} {[%emt 00:00:21]} 15. Qf5 {[%clk 00:52:16]} {[%emt 00:28:08]}
g6 {[%clk 01:07:38]} {[%emt 00:08:22]} 16. Qh3 {[%clk 00:51:56]} {[%emt
00:00:50]} Bc8 {[%clk 01:07:54]} {[%emt 00:00:14]} 17. g4 {[%clk 00:52:11]}
{[%emt 00:00:14]} Bxg4 {[%clk 01:07:53]} {[%emt 00:00:31]} 18. Qxg4 {[%clk
00:52:33]} {[%emt 00:00:09]} Kxh7 {[%clk 01:02:31]} {[%emt 00:05:52]} 19. Bg5
{[%clk 00:45:10]} {[%emt 00:07:53]} Kg7 {[%clk 01:00:25]} {[%emt 00:02:35]} 20.
Rad1 {[%clk 00:42:23]} {[%emt 00:03:17]} Nd7 {[%clk 00:58:25]} {[%emt
00:02:30]} 21. h4 {[%clk 00:41:48]} {[%emt 00:01:05]} Rh8 {[%clk 00:56:30]}
{[%emt 00:02:25]} 22. Rfe1 {[%clk 00:38:01]} {[%emt 00:04:18]} Rh5 {[%clk
00:52:17]} {[%emt 00:04:41]} 23. d6 {[%clk 00:25:22]} {[%emt 00:13:10]} Nf8
{[%clk 00:37:18]} {[%emt 00:15:29]} 24. d7 {[%clk 00:24:49]} {[%emt 00:01:03]}
Ne6 {[%clk 00:35:33]} {[%emt 00:02:14]} 25. Rxe6 {[%clk 00:24:45]} {[%emt
00:00:35]} fxe6 {[%clk 00:35:58]} {[%emt 00:00:05]} 26. Rd6 {[%clk 00:23:08]}
{[%emt 00:02:08]} Qe7 {[%clk 00:19:17]} {[%emt 00:17:11]} 27. Rxe6 {[%clk
00:22:34]} {[%emt 00:01:04]} Bxg5 {[%clk 00:18:44]} {[%emt 00:01:03]} 28. Rxe7+
{[%clk 00:22:25]} {[%emt 00:00:38]} Bxe7 {[%clk 00:19:08]} {[%emt 00:00:05]} 29.
Qe4 {[%clk 00:22:52]} {[%emt 00:00:03]}  1-0

[Event "2023 Welsh Championship"]
[Site "Cardiff"]
[Date "2023.04.08"]
[Round "4"]
[Board "4"]
[White "Kett, Tim"]
[Black "Fowler, Hugo"]
[Result "1/2-1/2"]
[WhiteElo "2090"]
[BlackElo "1890"]
[PlyCount "0"]
[EventDate "2023.04.07"]
[EventRounds "7"]
[EventCountry "WLS"]

1. Nf3 {[%clk 01:30:29]} {[%emt 00:00:29]} Nf6 {[%clk 01:30:38]} {[%emt
00:00:23]} 2. c4 {[%clk 01:26:58]} {[%emt 00:04:01]} c5 {[%clk 01:30:42]}
{[%emt 00:00:26]} 3. Nc3 {[%clk 01:26:44]} {[%emt 00:00:43]} d5 {[%clk
01:29:51]} {[%emt 00:01:22]} 4. cxd5 {[%clk 01:27:01]} {[%emt 00:00:13]} Nxd5
{[%clk 01:30:19]} {[%emt 00:00:03]} 5. e4 {[%clk 01:20:09]} {[%emt 00:07:20]}
Nxc3 {[%clk 01:28:34]} {[%emt 00:02:16]} 6. bxc3 {[%clk 01:18:01]} {[%emt
00:02:37]} Nc6 {[%clk 01:25:59]} {[%emt 00:03:06]} 7. d4 {[%clk 01:15:13]}
{[%emt 00:03:18]} cxd4 {[%clk 01:26:19]} {[%emt 00:00:11]} 8. cxd4 {[%clk
01:15:38]} {[%emt 00:00:04]} e6 {[%clk 01:26:42]} {[%emt 00:00:08]} 9. Be2
{[%clk 01:04:40]} {[%emt 00:11:27]} Bb4+ {[%clk 01:26:54]} {[%emt 00:00:19]} 10.
Bd2 {[%clk 01:01:01]} {[%emt 00:04:08]} Bxd2+ {[%clk 01:26:31]} {[%emt
00:00:54]} 11. Qxd2 {[%clk 01:01:25]} {[%emt 00:00:06]} O-O {[%clk 01:25:21]}
{[%emt 00:01:40]} 12. O-O {[%clk 01:01:43]} {[%emt 00:00:10]} b6 {[%clk
01:24:23]} {[%emt 00:01:30]} 13. Rad1 {[%clk 00:58:36]} {[%emt 00:03:35]} Bb7
{[%clk 01:23:58]} {[%emt 00:00:56]} 14. Rfe1 {[%clk 00:57:14]} {[%emt
00:01:51]} Na5 {[%clk 01:13:18]} {[%emt 00:11:12]} 15. Bd3 {[%clk 00:49:31]}
{[%emt 00:08:12]} Rc8 {[%clk 01:13:00]} {[%emt 00:00:48]} 16. h4 {[%clk
00:46:11]} {[%emt 00:03:48]} h6 {[%clk 00:51:58]} {[%emt 00:21:34]} 17. h5
{[%clk 00:39:46]} {[%emt 00:06:54]} Qf6 {[%clk 00:43:37]} {[%emt 00:08:52]} 18.
e5 {[%clk 00:38:56]} {[%emt 00:01:19]} Qe7 {[%clk 00:42:45]} {[%emt 00:01:24]}
19. Qe2 {[%clk 00:38:44]} {[%emt 00:00:40]} Rfd8 {[%clk 00:41:52]} {[%emt
00:01:24]} 20. Bb1 {[%clk 00:32:59]} {[%emt 00:06:15]} Rc3 {[%clk 00:39:50]}
{[%emt 00:02:32]} 21. Be4 {[%clk 00:29:35]} {[%emt 00:03:52]} Bxe4 {[%clk
00:36:00]} {[%emt 00:04:21]} 22. Qxe4 {[%clk 00:30:00]} {[%emt 00:00:05]} Qb7
{[%clk 00:34:57]} {[%emt 00:01:34]} 23. Qh4 {[%clk 00:26:40]} {[%emt 00:03:48]}
Qd5 {[%clk 00:31:22]} {[%emt 00:04:07]} 24. Re4 {[%clk 00:26:38]} {[%emt
00:00:31]} Nc6 {[%clk 00:22:03]} {[%emt 00:09:49]} 25. Rg4 {[%clk 00:21:48]}
{[%emt 00:05:19]} Kh7 {[%clk 00:19:57]} {[%emt 00:02:38]} 26. Qg3 {[%clk
00:15:46]} {[%emt 00:06:31]} Rg8 {[%clk 00:20:15]} {[%emt 00:00:14]} 27. Qf4
{[%clk 00:15:45]} {[%emt 00:00:30]} Rf8 {[%clk 00:14:11]} {[%emt 00:06:35]} 28.
Qg3 {[%clk 00:12:10]} {[%emt 00:04:04]} Rg8 {[%clk 00:14:40]} {[%emt 00:00:02]}
29. Qf4 {[%clk 00:11:19]} {[%emt 00:01:21]} Rf8 {[%emt 00:01:26]}  1/2-1/2

[Event "2023 Welsh Championship"]
[Site "Cardiff"]
[Date "2023.04.08"]
[Round "4"]
[Board "5"]
[White "Fathallah, Joe"]
[Black "Bullen, Alex"]
[Result "1-0"]
[WhiteElo "1980"]
[BlackElo "2157"]
[PlyCount "0"]
[EventDate "2023.04.07"]
[EventRounds "7"]
[EventCountry "WLS"]

1. d4 {[%clk 01:30:57]} {[%emt 00:00:02]} d5 {[%clk 01:30:55]} {[%emt
00:00:06]} 2. c4 {[%clk 01:30:38]} {[%emt 00:00:49]} e6 {[%clk 01:31:19]}
{[%emt 00:00:05]} 3. Nc3 {[%clk 01:31:04]} {[%emt 00:00:05]} Nf6 {[%clk
01:31:42]} {[%emt 00:00:07]} 4. cxd5 {[%clk 01:31:24]} {[%emt 00:00:11]} exd5
{[%clk 01:32:05]} {[%emt 00:00:07]} 5. Bg5 {[%clk 01:31:49]} {[%emt 00:00:05]}
Bb4 {[%clk 01:32:26]} {[%emt 00:00:09]} 6. e3 {[%clk 01:30:21]} {[%emt
00:01:58]} h6 {[%clk 01:32:49]} {[%emt 00:00:06]} 7. Bh4 {[%clk 01:27:17]}
{[%emt 00:03:35]} g5 {[%clk 01:33:11]} {[%emt 00:00:07]} 8. Bg3 {[%clk
01:27:44]} {[%emt 00:00:03]} h5 {[%clk 01:33:34]} {[%emt 00:00:07]} 9. Bd3
{[%clk 01:19:29]} {[%emt 00:08:45]} h4 {[%clk 01:25:35]} {[%emt 00:08:28]} 10.
Be5 {[%clk 01:19:50]} {[%emt 00:00:09]} Nbd7 {[%clk 01:24:00]} {[%emt
00:02:04]} 11. Bxf6 {[%clk 01:18:12]} {[%emt 00:02:09]} Qxf6 {[%clk 01:22:20]}
{[%emt 00:02:10]} 12. Qb3 {[%clk 01:17:40]} {[%emt 00:01:01]} Qe7 {[%clk
01:22:38]} {[%emt 00:00:12]} 13. Qxd5 {[%clk 01:13:55]} {[%emt 00:04:15]} Nb6
{[%clk 01:23:00]} {[%emt 00:00:08]} 14. Qe5 {[%clk 01:13:43]} {[%emt 00:00:43]}
Qxe5 {[%clk 01:23:02]} {[%emt 00:00:28]} 15. dxe5 {[%clk 01:14:06]} {[%emt
00:00:07]} Bxc3+ {[%clk 01:23:03]} {[%emt 00:00:29]} 16. bxc3 {[%clk 01:14:30]}
{[%emt 00:00:06]} Ke7 {[%clk 01:23:23]} {[%emt 00:00:10]} 17. f4 {[%clk
01:12:06]} {[%emt 00:02:54]} Nd5 {[%clk 01:11:36]} {[%emt 00:12:17]} 18. f5
{[%clk 01:06:41]} {[%emt 00:05:56]} Nxe3 {[%clk 01:09:20]} {[%emt 00:02:45]} 19.
f6+ {[%clk 01:05:36]} {[%emt 00:01:36]} Kf8 {[%clk 01:01:49]} {[%emt 00:08:01]}
20. Be4 {[%clk 01:03:06]} {[%emt 00:03:00]} Bf5 {[%clk 00:53:54]} {[%emt
00:08:25]} 21. Bxf5 {[%clk 01:00:31]} {[%emt 00:03:05]} Nxf5 {[%clk 00:54:18]}
{[%emt 00:00:05]} 22. O-O-O {[%clk 00:58:46]} {[%emt 00:02:14]} Ke8 {[%clk
00:51:41]} {[%emt 00:03:07]} 23. Nf3 {[%clk 00:57:45]} {[%emt 00:01:31]} Ne3
{[%clk 00:40:33]} {[%emt 00:11:38]} 24. Rd3 {[%clk 00:55:18]} {[%emt 00:02:57]}
Nxg2 {[%clk 00:40:15]} {[%emt 00:00:48]} 25. Nxg5 {[%clk 00:54:20]} {[%emt
00:01:29]} Nf4 {[%clk 00:39:07]} {[%emt 00:01:38]} 26. Rd2 {[%clk 00:52:53]}
{[%emt 00:01:57]} Rg8 {[%clk 00:35:15]} {[%emt 00:04:22]} 27. Rf1 {[%clk
00:45:02]} {[%emt 00:08:21]} Rxg5 {[%clk 00:23:56]} {[%emt 00:11:48]} 28. Rxf4
{[%clk 00:45:25]} {[%emt 00:00:08]} Rd8 {[%clk 00:24:19]} {[%emt 00:00:08]} 29.
Rxd8+ {[%clk 00:44:00]} {[%emt 00:01:55]} Kxd8 {[%clk 00:24:42]} {[%emt
00:00:06]} 30. e6 {[%clk 00:44:10]} {[%emt 00:00:20]} Ke8 {[%clk 00:16:16]}
{[%emt 00:08:56]} 31. e7 {[%clk 00:43:41]} {[%emt 00:00:59]} Rg6 {[%clk
00:16:41]} {[%emt 00:00:05]} 32. Kc2 {[%clk 00:43:23]} {[%emt 00:00:48]} b5
{[%clk 00:16:48]} {[%emt 00:00:23]} 33. Kd3 {[%clk 00:42:48]} {[%emt 00:01:04]}
c5 {[%clk 00:16:45]} {[%emt 00:00:34]} 34. Ke4 {[%clk 00:41:45]} {[%emt
00:01:32]} h3 {[%clk 00:14:08]} {[%emt 00:03:07]} 35. Rf1 {[%clk 00:40:49]}
{[%emt 00:01:27]} b4 {[%clk 00:12:21]} {[%emt 00:02:17]} 36. Kf5 {[%clk
00:39:12]} {[%emt 00:02:07]} Rg2 {[%clk 00:12:39]} {[%emt 00:00:11]} 37. Rd1
{[%clk 00:36:33]} {[%emt 00:03:10]} Rf2+ {[%clk 00:13:00]} {[%emt 00:00:09]} 38.
Kg5 {[%clk 00:36:35]} {[%emt 00:00:28]} Rg2+ {[%clk 00:13:22]} {[%emt
00:00:07]} 39. Kh5 {[%clk 00:36:51]} {[%emt 00:00:15]}  1-0

[Event "2023 Welsh Championship"]
[Site "Cardiff"]
[Date "2023.04.08"]
[Round "4"]
[Board "6"]
[White "Hatchett, Paul"]
[Black "Morris, Charles F"]
[Result "1/2-1/2"]
[WhiteElo "1967"]
[BlackElo "2081"]
[PlyCount "0"]
[EventDate "2023.04.07"]
[EventRounds "7"]
[EventCountry "WLS"]

1. e4 {[%clk 01:30:56]} {[%emt 00:00:02]} e6 {[%clk 01:30:54]} {[%emt
00:00:07]} 2. d3 {[%clk 01:31:18]} {[%emt 00:00:08]} d5 {[%clk 01:31:17]}
{[%emt 00:00:07]} 3. Nd2 {[%clk 01:31:44]} {[%emt 00:00:04]} Nf6 {[%clk
01:29:02]} {[%emt 00:02:46]} 4. Ngf3 {[%clk 01:32:00]} {[%emt 00:00:14]} dxe4
{[%clk 01:28:14]} {[%emt 00:01:18]} 5. dxe4 {[%clk 01:30:48]} {[%emt 00:01:41]}
Bc5 {[%clk 01:28:32]} {[%emt 00:00:12]} 6. Bd3 {[%clk 01:28:46]} {[%emt
00:02:32]} Nc6 {[%clk 01:26:48]} {[%emt 00:02:14]} 7. a3 {[%clk 01:26:59]}
{[%emt 00:02:17]} a5 {[%clk 01:23:31]} {[%emt 00:03:47]} 8. O-O {[%clk
01:27:13]} {[%emt 00:00:16]} Ng4 {[%clk 01:17:17]} {[%emt 00:06:44]} 9. Qe2
{[%clk 01:22:49]} {[%emt 00:04:54]} Nge5 {[%clk 01:11:52]} {[%emt 00:05:56]} 10.
Bb5 {[%clk 01:21:51]} {[%emt 00:01:28]} O-O {[%clk 01:10:39]} {[%emt 00:01:42]}
11. Nb3 {[%clk 01:16:58]} {[%emt 00:05:23]} Bb6 {[%clk 01:10:43]} {[%emt
00:00:26]} 12. Be3 {[%clk 01:16:52]} {[%emt 00:00:36]} Bxe3 {[%clk 01:04:29]}
{[%emt 00:06:44]} 13. Qxe3 {[%clk 01:15:47]} {[%emt 00:01:34]} Nxf3+ {[%clk
01:04:55]} {[%emt 00:00:07]} 14. Qxf3 {[%clk 01:12:40]} {[%emt 00:03:36]} Nd4
{[%clk 01:04:44]} {[%emt 00:00:40]} 15. Nxd4 {[%clk 01:11:38]} {[%emt
00:01:32]} Qxd4 {[%clk 01:05:09]} {[%emt 00:00:05]} 16. c3 {[%clk 01:11:47]}
{[%emt 00:00:21]} Qb6 {[%clk 01:05:23]} {[%emt 00:00:17]} 17. Bd3 {[%clk
01:10:59]} {[%emt 00:01:17]} e5 {[%clk 00:59:46]} {[%emt 00:06:08]} 18. b4
{[%clk 01:08:11]} {[%emt 00:03:18]}  1/2-1/2